00433cam a2200145 a 4500020002800000040000800028082002700036245007000063250001200133260005600145300002800201650001100229650002500240700002200265 a076741747X (alk. paper) cDLC00a796 MAY 2001 A085 Or. 00aApplied sport psychology :bpersonal growth to peak performance / a4th ed. aMountain View, Calif. :bMayfield Pub. Co.,cc2001. axxiii, 548 p. ;c25 cm. 0aSports 0aCoaching (Athletics)1 aWilliams, Jean M.